MARC

LEADER 00000nam0a2200000 4500
001 225503
005 20231101230652.0
035 |a (RuTPU)RU\TPU\book\245850 
090 |a 225503 
100 |a 20121112d1986 m y0rusy50 ca 
101 0 |a rus 
102 |a RU 
105 |a y j 000zy 
200 1 |a Проектирование бесконтактных электрических аппаратов  |e учебное пособие для вузов  |f В. Г. Гришанов [и др.] 
210 |a Чебоксары  |d 1986 
215 |a 81 с. 
606 1 |a Электрические аппараты и приборы  |x Применение в схемах автоматики  |2 stltpush  |3 (RuTPU)RU\TPU\subj\26914  |9 50745 
606 1 |a Электрические аппараты и приборы, бесконтактные  |2 stltpush  |3 (RuTPU)RU\TPU\subj\26918  |9 50749 
610 1 |a проектирование 
610 1 |a теория 
610 1 |a расчеты 
675 |a 621.318.3(075.8)  |v 3 
675 |a 681.527(075.8)  |v 3 
701 1 |a Гришанов  |b В. Г.  |g Виктор Григорьевич 
701 1 |a Зайцев  |b Ю. М.  |g Юрий михайлович 
701 1 |a Шеерсон  |b Э. М.  |g Эдуард Менделеевич 
701 1 |a Костерин  |b В. А.  |g Владимир Александрович 
701 1 |a Яриз  |b Н. А.  |g Николай Алексеевич 
801 1 |a RU  |b 63413507  |c 20121112 
801 2 |a RU  |b 63413507  |c 20181214  |g RCR 
942 |c BK